000 00700nab a22001817 4500
003 ES-SlBCS
005 20210327224248.0
008 200109s2019 it ||||| |||| 00| 0 eng d
040 _aES-SlBCS
_bspa
041 _aeng
100 1 _aAzetsop, Jacquineau
_983418
245 1 0 _aHervé Carrier's thought on tertiary education applied to contemporary Pontifical Universities in Rome
_cJacquineau Azétsop, S.I., René M. Micallef, S.I., Diego I. Meza, S.I., Paul E, Tang, S.I.
700 1 _aMicallef, Réné M.
_9107278
700 1 _aMeza, Diego I.
_9117076
700 1 _aTang, Paul E.
_9117077
773 0 _gVol. 100, fasc. 4, 2019, págs. 889-916
_tGregorianum
_wRev219
_x0017-4114
942 _2lcc
_cAR
999 _c482684
_d482684